World shipping directory 2010-2011.
| Format: | Book |
|---|---|
| Published: |
Surrey:
IHS Fairplay,
2010.
|
| Subjects: |
| LEADER | 00520cam a2200157 7i4500 | ||
|---|---|---|---|
| 001 | 0000026291 | ||
| 005 | 20110525090000.0 | ||
| 020 | 0 | 0 | |a 9781906313364 |
| 090 | 0 | 0 | |a I 387.5025 |b WOR |
| 245 | 0 | 0 | |a World shipping directory 2010-2011. |
| 260 | 0 | 0 | |a Surrey: |b IHS Fairplay, |c 2010. |
| 300 | # | # | |a 1723 p. |
| 500 | 0 | 0 | |a Library has vol.1 & vol. 2 |
| 650 | 0 | 0 | |a Shipping -- |x Directories |
| 999 | |a B000028409 |b Directories |c International |e Business Information Centre | ||
| 999 | |a B000028408 |b Directories |c International |e Business Information Centre | ||


